000
00271nam a2200121Ia 4500
082
_a
616.01
_b
M05I
100
_a
INGRAHAM, JOHN L.
245
_a
MICROBIOLOGY AN INTRODUCTION
260
_b
CENGAGE
_a
DELHI
_c
2005
300
_a
1-760
650
_a
MICROBIOLOGY
942
_2
ddc
_c
BK
999
_c
284
_d
284